The Mishnah. (Record no. 2105)

000 -LEADER
fixed length control field 00569nam a2200181 a 4500
001 - CONTROL NUMBER
control field :::00019241$&:&@@
003 - CONTROL NUMBER IDENTIFIER
control field OkBaRHE
005 - DATE AND TIME OF LATEST TRANSACTION
control field 20100327150233.0
008 - FIXED-LENGTH DATA ELEMENTS--GENERAL INFORMATION
fixed length control field s1933 j 000 0 eng u
040 ## - CATALOGING SOURCE
Transcribing agency
100 1# - MAIN ENTRY--PERSONAL NAME
Personal name Danby, Herbert
245 14 - TITLE STATEMENT
Title The Mishnah.
260 ## - PUBLICATION, DISTRIBUTION, ETC. (IMPRINT)
Place of publication, distribution, etc London
Name of publisher, distributor, etc Oxford University Press
Date of publication, distribution, etc 1933
300 ## - PHYSICAL DESCRIPTION
Extent 844 p.
520 ## - SUMMARY, ETC.
Summary, etc Translated from the Hebrew with introduction and brief explanatory notes.
942 ## - ADDED ENTRY ELEMENTS (KOHA)
Source of classification or shelving scheme
Koha item type Books
Copies
Lost status Date acquired Barcode Koha item type Damaged status Not for loan Collection code Full call number Withdrawn status Permanent Location Price effective from Copy number Date last seen Shelving location Source of classification or shelving scheme
 2010-04-1419241Books  ReferenceBM 497.5 .E5 N4 RHEMA Bible Training College2010-04-1412010-04-14General Stacks